[Event "Abu Dhabi op-A 30th"]
[Site "Abu Dhabi"]
[Date "2024.08.21"]
[Round "6"]
[White "Moosavifar, Seyed Abolfazl"]
[Black "Mamedov, Edgar"]
[Result "0-1"]
[WhiteElo "2364"]
[BlackElo "2443"]
[PlyCount "112"]
[EventDate "2024.08.15"]
[EventType "swiss"]
[EventRounds "9"]
[EventCountry "UAE"]
[SourceTitle "EXT 2025"]
[Source "ChessBase"]
[SourceDate "2024.10.14"]
[SourceVersion "1"]
[SourceVersionDate "2024.10.14"]
[SourceQuality "1"]

1. e4 e5 2. Nf3 Nc6 3. Bc4 Nf6 4. d3 Be7 5. c3 0-0 6. 0-0 d5 7. exd5 Nxd5 8. Re1 Bg4 9. h3 Bh5 10. a4 a5 11. Nbd2 Nb6 12. Bb5 f6 13. Ne4 Na7 14. Ng3 Bf7 15. d4 Nxb5 16. axb5 Re8 17. b3 Qd7 18. Bd2 exd4 19. Nxd4 Bc5 20. Rxe8+ Bxe8 21. Ngf5 Bg6 22. Qg4 Bxf5 23. Qxf5 Bxd4 24. Qxd7 Bxf2+ 25. Kxf2 Nxd7 26. Bf4 Nc5 27. Bxc7 Nxb3 28. Ra3 a4 29. Ke3 Rc8 30. b6 Ra8 31. Ke4 Kf7 32. Kd5 Ra5+ 33. Kc4 Ke6 34. Kb4 Kd5 35. c4+ Kc6 36. Ra2 Ra8 37. Re2 Kd7 38. Re1 Na5 39. Rd1+ Ke6 40. Re1+ Kf7 41. Kxa4 Nxc4+ 42. Kb5 Na3+ 43. Kc5 Ra4 44. Bd8 Rc4+ 45. Kd5 Rc8 46. Re7+ Kf8 47. Rd7 Ke8 48. Rxb7 Rxd8+ 49. Kc6 Nc2 50. Ra7 Nd4+ 51. Kc5 Ne6+ 52. Kb5 Rd2 53. Ra8+ Kd7 54. Ra7+ Kd6 55. Rf7 Rb2+ 56. Ka5 Kc5 0-1

[Event "Abu Dhabi op-A 30th"]
[Site "Abu Dhabi"]
[Date "2024.08.15"]
[Round "1"]
[White "Abdisalimov, Abdimalik"]
[Black "Moosavifar, Seyed Abolfazl"]
[Result "1-0"]
[WhiteElo "2544"]
[BlackElo "2364"]
[PlyCount "36"]
[EventDate "2024.08.15"]
[EventType "swiss"]
[EventRounds "9"]
[EventCountry "UAE"]
[SourceTitle "EXT 2025"]
[Source "ChessBase"]
[SourceDate "2024.10.14"]
[SourceVersion "1"]
[SourceVersionDate "2024.10.14"]
[SourceQuality "1"]

1. Nf3 Nf6 2. c4 e6 3. g3 d5 4. Bg2 dxc4 5. Qa4+ Nbd7 6. Qxc4 c5 7. 0-0 a6 8. Qc2 Rb8 9. d4 b5 10. Bf4 Rb6 11. a4 Bb7 12. axb5 axb5 13. Nc3 cxd4 14. Nxd4 Bxg2 15. Kxg2 Qc8 16. Rac1 Bc5 17. Ndxb5 0-0 18. Ra1 Qb7+ 1-0

[Event "Belgrade Serbia op"]
[Site "Belgrade"]
[Date "2024.07.18"]
[Round "6"]
[White "Itgelt, Khuyagtsogt"]
[Black "Moosavifar, Seyed Abolfazl"]
[Result "1/2-1/2"]
[WhiteElo "2402"]
[BlackElo "2283"]
[PlyCount "105"]
[EventDate "2024.07.12"]
[EventType "swiss"]
[EventRounds "9"]
[EventCountry "SRB"]
[SourceTitle "CBM 221 Extra"]
[Source "ChessBase"]
[SourceDate "2024.09.30"]
[SourceVersion "1"]
[SourceVersionDate "2024.09.30"]
[SourceQuality "1"]

1. d4 Nf6 2. Nf3 e6 3. c4 d5 4. Nc3 Bb4 5. Qa4+ Nc6 6. e3 0-0 7. Bd2 Bd7 8. Qc2 dxc4 9. Bxc4 Bd6 10. Nb5 e5 11. dxe5 Nxe5 12. Nxd6 cxd6 13. Nxe5 dxe5 14. Bb4 Re8 15. Qb3 Be6 16. Bxe6 Rxe6 17. 0-0 Rb6 18. Rfd1 Qe8 19. Qa3 Qb5 20. Bc3 Ne4 21. Qe7 h6 22. Qxe5 Nxc3 23. Qxc3 Qxb2 24. Qxb2 Rxb2 25. Rdb1 Rxb1+ 26. Rxb1 Rc8 27. Kf1 b6 28. Rb2 Kf8 29. Ke2 Ke7 30. Kd2 Kd6 31. Rb4 Rc5 32. Ra4 a5 33. Rf4 f6 34. a4 Kc6 35. Re4 b5 36. axb5+ Kxb5 37. Re7 a4 38. Rxg7 a3 39. Ra7 Kb4 40. e4 Kb3 41. Rb7+ Ka2 42. g4 Ka1 43. Rb6 a2 44. h4 Rc4 45. f3 Ra4 46. Kc2 Rc4+ 47. Kd2 Ra4 48. Ke3 Ra3+ 49. Kf4 Rc3 50. e5 fxe5+ 51. Ke4 h5 52. gxh5 Rb3 53. Rxb3 1/2-1/2

[Event "Belgrade Serbia op"]
[Site "Belgrade"]
[Date "2024.07.15"]
[Round "4"]
[White "Berkes, Ferenc"]
[Black "Moosavifar, Seyed Abolfazl"]
[Result "1-0"]
[WhiteElo "2612"]
[BlackElo "2283"]
[PlyCount "113"]
[EventDate "2024.07.12"]
[EventType "swiss"]
[EventRounds "9"]
[EventCountry "SRB"]
[SourceTitle "CBM 221 Extra"]
[Source "ChessBase"]
[SourceDate "2024.09.30"]
[SourceVersion "1"]
[SourceVersionDate "2024.09.30"]
[SourceQuality "1"]

1. d4 Nf6 2. Nf3 e6 3. c4 d5 4. e3 b6 5. cxd5 exd5 6. Bd3 Bb7 7. 0-0 Bd6 8. b3 0-0 9. Ba3 c5 10. Nc3 Nbd7 11. Rc1 a6 12. Bf5 g6 13. Bxd7 Nxd7 14. dxc5 Nxc5 15. Bb2 Be7 16. Re1 Bf6 17. Re2 Ne6 18. Rd2 d4 19. Ne2 Bxf3 20. gxf3 Qd5 21. Nxd4 Ng5 22. Kg2 Qd7 23. Kh1 Qh3 24. Qf1 Qh5 25. Qg2 Rac8 26. Rxc8 Rxc8 27. Qg4 Qxg4 28. fxg4 Ne4 29. Re2 Rc5 30. Kg2 Nc3 31. Rd2 Ne4 32. Re2 Nc3 33. Rd2 Ne4 34. Rd3 Bxd4 35. Bxd4 Rc2 36. Kf3 f5 37. gxf5 gxf5 38. Kf4 Rxf2+ 39. Ke5 Rxa2 40. Bxb6 Rxh2 41. Kxf5 Rh6 42. Rd8+ Kf7 43. Rb8 Nd6+ 44. Ke5 Re6+ 45. Kd5 Nc8 46. Bc5 Ne7+ 47. Kc4 Nf5 48. Rf8+ Kg6 49. Kd5 Rf6 50. Ra8 Kf7 51. Ra7+ Ke8 52. e4 Ng3 53. e5 Rf1 54. Ke6 Kd8 55. Bd6 Kc8 56. Rc7+ Kd8 57. Rg7 1-0

[Event "Belgrade Serbia op"]
[Site "Belgrade"]
[Date "2024.07.13"]
[Round "2"]
[White "Urazayev, Arystanbek"]
[Black "Moosavifar, Seyed Abolfazl"]
[Result "0-1"]
[WhiteElo "2476"]
[BlackElo "2283"]
[PlyCount "188"]
[EventDate "2024.07.12"]
[EventType "swiss"]
[EventRounds "9"]
[EventCountry "SRB"]
[SourceTitle "CBM 221 Extra"]
[Source "ChessBase"]
[SourceDate "2024.09.30"]
[SourceVersion "1"]
[SourceVersionDate "2024.09.30"]
[SourceQuality "1"]

1. e4 e5 2. Nf3 Nc6 3. Bb5 a6 4. Ba4 Nf6 5. 0-0 Nxe4 6. d4 b5 7. Bb3 d5 8. dxe5 Be6 9. Nbd2 Nc5 10. c3 d4 11. Bc2 Be7 12. Nb3 d3 13. Bb1 Nxb3 14. axb3 Bf5 15. b4 0-0 16. h3 a5 17. bxa5 Rxa5 18. Rxa5 Nxa5 19. Nd4 Bg6 20. Bxd3 Bxd3 21. Qxd3 c5 22. Qxb5 cxd4 23. cxd4 Qa8 24. d5 Rb8 25. Qd7 Qb7 26. Qxb7 Rxb7 27. Bd2 Nb3 28. Be3 Kf8 29. f4 Rb5 30. Rd1 Ke8 31. Rd3 Na5 32. d6 Bd8 33. b4 Nb7 34. Bd2 Bb6+ 35. Kf1 Kd7 36. Ke2 Nd8 37. Ra3 f6 38. Rg3 Ne6 39. Kd3 Rd5+ 40. Kc3 g6 41. Rd3 Kc6 42. Kc4 Rxd3 43. b5+ Kd7 44. Kxd3 fxe5 45. fxe5 Nc5+ 46. Kc4 Ne4 47. Kd5 Nxd2 48. e6+ Ke8 49. h4 h5 50. Kc6 Nc4 51. Kd5 Na5 52. Ke5 Bf2 53. Kf6 Bxh4+ 54. Kxg6 Nb7 55. Kxh5 Bg3 56. d7+ Ke7 57. Kg4 Be1 58. Kf5 Nd6+ 59. Ke5 Bg3+ 60. Kd5 Nxb5 61. Ke4 Nc7 62. Kf3 Bd6 63. g4 Nxe6 64. g5 Nxg5+ 65. Kg4 Ne6 66. Kf5 Kxd7 67. Ke4 Kc6 68. Kd3 Kd5 69. Ke3 Nd4 70. Kf2 Ke4 71. Kg2 Ke3 72. Kh1 Kf3 73. Kg1 Ne2+ 74. Kh1 Bc5 75. Kh2 Ng3 76. Kh3 Bg1 77. Kh4 Ne4 78. Kh5 Kf4 79. Kg6 Ng5 80. Kf6 Bc5 81. Kg6 Kg4 82. Kf6 Bd6 83. Kg6 Be5 84. Kh6 Nf7+ 85. Kg6 Nh8+ 86. Kh7 Bf6 87. Kg8 Kf5 88. Kf8 Ke6 89. Ke8 Nf7 90. Kf8 Nd6 91. Kg8 Kf5 92. Kh7 Kg5 93. Kg8 Kg6 94. Kf8 Bd8 0-1

[Event "Baku op"]
[Site "Baku"]
[Date "2024.07.07"]
[Round "9"]
[White "Bizhigitov, Zhangir"]
[Black "Moosavifar, Seyed Abolfazl"]
[Result "1/2-1/2"]
[WhiteElo "2212"]
[BlackElo "2283"]
[PlyCount "63"]
[EventDate "2024.06.29"]
[EventType "swiss"]
[EventRounds "9"]
[EventCountry "AZE"]
[SourceTitle "CBM 221 Extra"]
[Source "ChessBase"]
[SourceDate "2024.09.30"]
[SourceVersion "1"]
[SourceVersionDate "2024.09.30"]
[SourceQuality "1"]

1. e4 e5 2. Nf3 Nc6 3. Bb5 a6 4. Ba4 Nf6 5. 0-0 Nxe4 6. d4 b5 7. Bb3 d5 8. dxe5 Be6 9. Qe2 Nc5 10. Rd1 Nxb3 11. axb3 Be7 12. Nc3 0-0 13. h3 Nb4 14. Ne1 c5 15. Ne4 Qb6 16. Ng3 d4 17. Nd3 Nxd3 18. Qxd3 f6 19. exf6 Bxf6 20. Nh5 Bf7 21. Nxf6+ Qxf6 22. Qg3 Qg6 23. Bf4 Qxc2 24. b4 Bg6 25. bxc5 d3 26. b4 Qc4 27. Bd6 Rfe8 28. Qf4 Re4 29. Qf3 Rae8 30. Rxd3 R4e6 31. Re3 Be4 32. Qe2 1/2-1/2